Metódy získavania dát zo zariadení na monitorovanie fyzickej aktivity
Salvato in:
| Autore principale: | |
|---|---|
| Altri autori: | |
| Natura: | Manoscritto Libro |
| Lingua: | slovacco inglese |
| Pubblicazione: |
2022
|
| Soggetti: | |
| Accesso online: | http://is.stuba.sk/zp/portal_zp.pl?podrobnosti=155190 |
| Tags: |
Nessun Tag, puoi essere il primo ad aggiungerne!!
|
MARC
| LEADER | 00000ntm a22000003a 4500 | ||
|---|---|---|---|
| 001 | stuzp88108 | ||
| 003 | SK-STU | ||
| 005 | 20220625211056.9 | ||
| 007 | ta | ||
| 008 | 150427s2015----xo-----f-mn---000-0-slo-d | ||
| 040 | |a STU |b slo | ||
| 041 | 0 | |a eng | |
| 100 | 1 | |a Tankovič, Lukáš |u 070400 |4 aut |U FIIT Fakulta informatiky a informačných technológií |T FIIT Ústav počítačového inžinierstva a aplikovanej informatiky |X 103158 |U I400 |Y 672 |7 103158 | |
| 242 | 0 | 1 | |a Metódy získavania dát zo zariadení na monitorovanie fyzickej aktivity |y slo |
| 245 | 1 | 0 | |a Metódy získavania dát zo zariadení na monitorovanie fyzickej aktivity |
| 260 | |c 2022 | ||
| 650 | 4 | |a Android OS |2 slo | |
| 650 | 4 | |a Bluetooth |2 slo | |
| 650 | 4 | |a inteligentné hodinky |2 slo | |
| 650 | 4 | |a bezpečnosť |2 slo | |
| 650 | 4 | |a Bluetooth |2 eng | |
| 650 | 4 | |a Security |2 eng | |
| 650 | 4 | |a Fitness trackers |2 eng | |
| 650 | 4 | |a Android OS |2 eng | |
| 700 | 1 | |a Helebrandt, Pavol |u 070400 |k Z1 |4 ths |U FIIT Fakulta informatiky a informačných technológií |T FIIT Ústav počítačového inžinierstva a aplikovanej informatiky |X 35267 |U I400 |Y 672 |7 35267 | |
| 856 | 4 | |u http://is.stuba.sk/zp/portal_zp.pl?podrobnosti=155190 | |